000 00331 a2200157 4500
001 58584
020 _a9788563219
040 _cAnchieta - Pituba
100 _aSparks, Nicholas
240 1 0 _aQuerido John
_lpor
245 1 0 _aQuerido John
300 _a383
362 0 _a2012
650 4 _aFicção norte-americana
942 _cBK
999 _c58584
_d58584